India's contributions to the west : (Record no. 124889)
[ view plain ]
| 000 -LEADER | |
|---|---|
| fixed length control field | 00970nam a22002537a 4500 |
| 003 - CONTROL NUMBER IDENTIFIER | |
| control field | dpl |
| 005 - DATE AND TIME OF LATEST TRANSACTION | |
| control field | 20180814122745.0 |
| 008 - FIXED-LENGTH DATA ELEMENTS--GENERAL INFORMATION | |
| fixed length control field | 180814b xxu||||| |||| 00| 0 eng d |
| 010 ## - LIBRARY OF CONGRESS CONTROL NUMBER | |
| LC control number | B-218466 |
| 020 ## - INTERNATIONAL STANDARD BOOK NUMBER | |
| Terms of availability | 295.00 |
| International Standard Book Number | 8187471093 |
| 035 ## - SYSTEM CONTROL NUMBER | |
| System control number | B-218466, B-218470 |
| 037 ## - SOURCE OF ACQUISITION | |
| Source of stock number/acquisition | Cen Lib/Ret |
| 040 ## - CATALOGING SOURCE | |
| Original cataloging agency | DPL |
| Language of cataloging | EN |
| Transcribing agency | 0 |
| 082 ## - DEWEY DECIMAL CLASSIFICATION NUMBER | |
| Classification number | 215 |
| Item number | PRI |
| 100 ## - MAIN ENTRY--PERSONAL NAME | |
| Personal name | Priyadarshi, P. |
| 9 (RLIN) | 12280 |
| 245 ## - TITLE STATEMENT | |
| Title | India's contributions to the west : |
| Statement of responsibility, etc | by P. Priyadarshi |
| Remainder of title | the story of origin of mathematics, science and philosophy in India and its dispersal to the west leading to development of modern age / |
| 260 ## - PUBLICATION, DISTRIBUTION, ETC. (IMPRINT) | |
| Place of publication, distribution, etc | India |
| Name of publisher, distributor, etc | Standard Publishers |
| Date of publication, distribution, etc | 2004 |
| 270 ## - ADDRESS | |
| City | New Delhi |
| Address | G-126/2, Rajapuri Main Road, Uttam Nagar |
| Postal code | 110059 |
| 300 ## - PHYSICAL DESCRIPTION | |
| Extent | xxii,165p. |
| Dimensions | 22cm(Hb) |
| 500 ## - GENERAL NOTE | |
| General note | Includes bibliographical references and index |
| 650 ## - SUBJECT ADDED ENTRY--TOPICAL TERM | |
| Topical term or geographic name as entry element | Civilization, Western -- Indic influences |
| 9 (RLIN) | 12281 |
| 650 ## - SUBJECT ADDED ENTRY--TOPICAL TERM | |
| Topical term or geographic name as entry element | India -- Civilization |
| 9 (RLIN) | 12282 |
| 942 ## - ADDED ENTRY ELEMENTS (KOHA) | |
| Source of classification or shelving scheme | Dewey Decimal Classification |
| Koha item type | English Books |
| Classification part | 215 |
| Call number suffix | PRI |
| Withdrawn status | Lost status | Damaged status | Not for loan | Home library | Current library | Date acquired | Source of acquisition | Cost, normal purchase price | Total Checkouts | Full call number | Barcode | Date last seen | Date checked out | Copy number | Cost, replacement price | Price effective from | Koha item type | Source of classification or shelving scheme | Collection code |
|---|---|---|---|---|---|---|---|---|---|---|---|---|---|---|---|---|---|---|---|
| Central Library | Central Library | 18/06/2015 | Cen Lib/Ret | 295.00 | 3 | 215 PRI | B-218466 | 10/05/2024 | 26/03/2024 | 1 | 295.00 | 18/06/2015 | English Books | ||||||
| Shahdara Branch | Shahdara Branch | 14/08/2018 | BPPD/PUB | 295.00 | 215 PRI | B-218470 | 14/08/2018 | 295.00 | 14/08/2018 | English Books | Dewey Decimal Classification | Non-fiction |
